| 000 | 01172nam a22003377a 4500 | ||
|---|---|---|---|
| 003 | CHAP | ||
| 005 | 20220817044226.0 | ||
| 008 | 080909d2002 mx d r 00010 spa d | ||
| 010 | _a95107 | ||
| 011 | _a96079 | ||
| 020 | _a9688384763 | ||
| 035 | _a106720 | ||
| 040 | _cCHAP | ||
| 090 | _aFolleto 17365 | ||
| 110 | 2 | _aMéxico. Secretaría de Desarrollo Social | |
| 245 | 1 | 0 |
_aMedición de la pobreza : _bvariantes metodologicas y estimación preliminar _c/por Secretaría de Desarrollo Social, Comité Técnico para la Medición de la Pobreza |
| 260 |
_aMéxico : _bSEDESOL, _c2002 |
||
| 300 |
_a113 p. : _bgráf., cuadros |
||
| 490 | 0 |
_aDocumentos de investigación _v; 1 |
|
| 590 |
_aBATCH-UPD _b10 _c20130110 _lUCH01 _h0959 |
||
| 590 |
_aBATCH-UPD _b10 _c20130410 _lUCH01 _h0611 |
||
| 590 |
_aBATCH-UPD _b10 _c20130914 _lUCH01 _h1054 |
||
| 590 |
_aCONVERSION _b10 _c20130109 _lUCH01 _h1353 |
||
| 650 | 1 | 4 |
_aCostos y nivel de vida. _928518 |
| 650 | 1 | 4 | _aDesarrollo social. |
| 650 | 1 | 4 |
_aPobreza. _989463 |
| 830 | 0 |
_aDocumentos de investigación _v; 1 |
|
| 901 | _aBK | ||
| 942 | _cFOLL | ||
| 949 |
_aFolleto 17365 _bBC _cFOLL _d33724002055769 _eTS1 _gDonaciØn _i106720 _sb |
||
| 999 |
_c95107 _d95107 |
||